000 00855nam1a22002291i 4500
001 rc\3450373
005 20240726101525.0
035 _a(NLR Aleph) 007880774
090 _a7916439
_c7916439
100 _a20130115d1974 |||y0rusy50 ca
101 0 _arus
102 _aRU
105 _a z |||||
200 1 _aРадиолокационное пеленгование протяженных целей
_e[2]-
_fПенз. высш. арт. инж. училище им. Гл. маршала артиллерии Н.Н. Воронова
210 _aПенза
_cБ. и.
_d1974
215 _d22
700 1 _aОстровитянов
_bР.В.
_gРадий Владимирович
701 1 _aБасалов
_bФ.А.
_gФеликс Александрович
801 0 _aRU
_bNLR
_gpsbo
801 1 _aRU
_bELAR
_2rusmarc
852 _aNLR
_j73-5/2245
942 _cBOOK